| Tag |
First Indicator |
Second Indicator |
Subfields |
| LEADER |
00000cam a2200000Ia 4500 |
| 001 |
in00004531521 |
| 005 |
20191205082003.0 |
| 008 |
820813s1982 xx a bm 000 0 ger |
| 035 |
|
|
|a (OCoLC)ocm08686796
|
| 035 |
|
|
|a (OCoLC)8686796
|
| 035 |
|
|
|z (UtOrBLW)66132
|
| 035 |
|
|
|a 93715
|
| 040 |
|
|
|a AGL
|b eng
|c AGL
|d OCLCQ
|d CUX
|d UtOrBLW
|
| 041 |
0 |
|
|a ger
|b eng
|
| 049 |
|
|
|a TMVM
|
| 070 |
|
|
|a 41.2
|b M9222 [1982 no.2]
|
| 082 |
0 |
4 |
|a 636.2089261
|
| 100 |
1 |
|
|a Vélez Cuevas, Gabriel,
|d 1951-
|
| 242 |
1 |
0 |
|a Studies on the applicability of AIP-, ADP- and AMP content with the bioluminescence method for evaluation during deep freeze conservation of bull sperms.
|y eng
|
| 245 |
1 |
0 |
|a Untersuchungen über die Eignung des AIP-, ADP- und AMP-Nachweises mit der Biolumineszenzmethode zur Beurteilung von Tiefgefrierkonservierungsverfahren fur̈ Bullenspermien /
|c von Gabriel Vélez Cuevas.
|
| 264 |
|
1 |
|a [Place of publication not identified] :
|b [publisher not identified],
|c 1982.
|
| 300 |
|
|
|a 64 pages :
|b illustrations ;
|c 21 cm.
|
| 336 |
|
|
|a text
|2 rdacontent
|b txt
|
| 337 |
|
|
|a unmediated
|2 rdamedia
|
| 338 |
|
|
|a volume
|2 rdacarrier
|b nc
|
| 502 |
|
|
|b doctoral
|c Universität München
|d 1982.
|
| 546 |
|
|
|a German with English summary.
|
| 500 |
|
|
|a Vita.
|
| 504 |
|
|
|a Includes bibliographical references (pages 57-62).
|
| 650 |
|
2 |
|a Sperm Motility.
|
| 650 |
|
2 |
|a Spermatozoa
|x chemistry.
|
| 650 |
|
2 |
|a Cattle
|x physiology.
|
| 999 |
|
|
|a MARS
|
| 999 |
f |
f |
|s 8ee3bb21-9dd5-3186-a670-b827b931f529
|i 221a073f-8ec1-3373-b177-17eedb7bb8ac
|t 0
|
| 952 |
f |
f |
|p preservation
|a Texas A&M University
|b J.J. Pickle Campus
|c High Density Repository
|d Remote Storage
|t 0
|e German dissertations
|h Other scheme
|i unmediated -- volume
|m 3238902481355
|
| 998 |
f |
f |
|a German dissertations
|t 0
|l Remote Storage
|